000
00320nam a22001457a 4500
008
210518b ||||| |||| 00| 0 eng d
020
_a
9780670024582
041
_a
eng
080
_a
94
082
_a
94
100
_a
17
101
_a
SHH
245
_a
To Hell and Back Europe 1914-1949
_c
Kershaw,I
942
_2
udc
_c
BK
999
_c
57403
_d
57403